Bratislava orientační plán ; zodp. red. Mikuláš Farkaš
| Další autoři: | Farkaš, Mikuláš, 1928-1990 |
|---|---|
| Jazyk: | Slovenština |
| Vydáno: |
[Praha] : Kartografické nakladatelství, 1967 |
| Vydání: | 2. rozšíř. vyd. |
| Fyzický popis: |
49, 29 s. |
| LEADER | 00582nem a22001812a 4500 | ||
|---|---|---|---|
| 001 | 000692523 | ||
| 003 | CZ BrMZK | ||
| 005 | 20031016102106.0 | ||
| 008 | 031015s1967 xr f slo d | ||
| 040 | |a BOA001 |b cze |c BOA001 | ||
| 245 | 0 | 0 | |a Bratislava |h [kartografický dokument] : |b orientační plán ; zodp. red. Mikuláš Farkaš |
| 250 | |a 2. rozšíř. vyd. | ||
| 255 | |a Mierka 1:10 000 | ||
| 260 | |a [Praha] : |b Kartografické nakladatelství, |c 1967 | ||
| 300 | |a 49, 29 s. | ||
| 700 | 1 | |a Farkaš, Mikuláš, |d 1928-1990 |7 mzk2009496324 |4 edt | |
| 910 | |a BOA001 |b Skř.9A-0528.305-67 | ||
| 990 | |a MP | ||
English
Čeština 